[Event "FRA-chT U20 0203"]
[Site "Clichy"]
[Date "2003.01.04"]
[Round "6.3"]
[White "Casassus, Bastien"]
[Black "Chiu, Alexandre"]
[Result "1-0"]
[WhiteElo "1900"]
[BlackElo "2022"]
[PlyCount "115"]
[EventDate "2002.12.??"]
[EventType "team"]
[EventRounds "11"]
[EventCountry "FRA"]
[SourceTitle "EXT 2004"]
[Source "ChessBase"]
[SourceDate "2003.11.25"]
[SourceVersion "1"]
[SourceVersionDate "2003.11.25"]
[SourceQuality "1"]
[WhiteTeam "Pau"]
[BlackTeam "Clichy"]
[WhiteTeamCountry "FRA"]
[BlackTeamCountry "FRA"]

1. e4 e6 2. d4 d5 3. Nc3 Nf6 4. Bg5 Be7 5. e5 Nfd7 6. Bxe7 Qxe7 7. f4 a6 8. Nf3 c5 9. Be2 Nc6 10. 0-0 cxd4 11. Nb1 Qc5 12. Kh1 b5 13. Nbd2 Nb4 14. Bd3 Nb6 15. Nb3 Qc7 16. a3 Nc6 17. Nbxd4 Nxd4 18. Nxd4 Nc4 19. Qc1 Qb6 20. c3 Bd7 21. Rb1 Rc8 22. Qe1 a5 23. Rf3 b4 24. axb4 axb4 25. Rh3 Qc5 26. Nb3 Qb6 27. cxb4 Rb8 28. Nc5 Qxb4 29. Qxb4 Rxb4 30. b3 Na5 31. Ra1 Nc6 32. Ra8+ Rb8 33. Rxb8+ Nxb8 34. b4 Ke7 35. Kg1 h6 36. b5 Rc8 37. Nb7 Rc7 38. Nd6 Rc5 39. Rg3 g6 40. Rh3 Rc3 41. Kf2 h5 42. Ke2 Kf8 43. Kd2 d4 44. g4 Kg7 45. gxh5 gxh5 46. Rxh5 Kg8 47. Ne4 Rb3 48. Nf6+ Kf8 49. Rh8+ Ke7 50. Rxb8 Rb4 51. Rb7 Kd8 52. Rxd7+ Kc8 53. Rxf7 Rb2+ 54. Bc2 Rxb5 55. Re7 Rb6 56. h4 Kd8 57. Rd7+ Kc8 58. Rxd4 1-0